000 00344nam a2200145Ia 4500
005 20251222141938.0
008 251222s9999||||xx |||||||||||||| ||spa||
020 _a8472488098
082 _a346.460.7/U77
100 _aUrĂ­a, Rodrigo
245 0 _aDerecho Mercantil
250 _a27a. ed.
264 _bMarcial Pons Ediciones
942 _cLIB
999 _c9253
_d9253